000 00765nam a2200289Ia 4500
005 20260324120308.0
008 008 260324s9999 xx 000 0 eng d
020 _a9781315173801
037 _aEBOOK
040 _aCRL
040 _beng
040 _cCRL
041 _2eng
041 _aeng
084 _qCRL
100 _aJanet Pembery; Clare Doran; Sarah Dutt
_91158000
245 0 _aTime Matters
245 2 _bA Practical Resource to Develop Time Concepts and Self-Organisation Skills in Older Children and Young People
260 _bTaylor and Francis
260 _c2015
365 _a
365 _b160
856 _uhttp://www.taylorfrancis.com/books/9781315173801
942 _cEBOOK
999 _c1749456
_d1749456